| 000 | ncm a22 a 4500 | ||
|---|---|---|---|
| 999 |
_c352086 _d352086 |
||
| 003 | BLK | ||
| 005 | 20200425214725.0 | ||
| 008 | 180414b bul |a|er|||| |0| c|bulo| | ||
| 040 | _aBLK | ||
| 041 |
_aRUS _cRUS |
||
| 080 |
_aКамерна вок. муз. Песни, балади, арии, романси _b784.3 _z784.3 |
||
| 100 |
_aРубинщайн, Антон Григориевич _eпърви автор _9384770 |
||
| 139 |
_aРубинщайн, Антон Григориевич _bР 90 |
||
| 245 | 1 | 0 |
_aПерсидская песня _bПерсидская песня _cАнтон Григорьевич Рубинштейн. |
| 254 | _aНоти | ||
| 257 | _aRUS | ||
| 260 |
_bМузыка _c1968 |
||
| 300 |
_a8 с. _c29 см |
||
| 380 | _a7 | ||
| 490 | 1 | _aРепертуар вокалиста | |
| 650 | 4 |
_aВокални произведения _9151227 |
|
| 653 | 7 |
_aбалади _9181602 |
|
| 653 | _aдуети | ||
| 653 | 7 |
_aпиано _9193730 |
|
| 852 | _aЦб М ІІ 5096 | ||
| 856 | 4 |
_qpdf _u |
|
| 856 | 4 |
_qpdf _u |
|
| 942 |
_cNOT _n0 _s1 |
||
| 944 |
_aCR _c2020-04-07 _kВалентина Караджова |
||
| 999 | _d352086 | ||
| 999 | _d352086 | ||